[Event "4NCL/Div2/WGR3 vs. RICA"]
[Site "Birmingham ENG"]
[Date "2006.01.14"]
[Round "5.4"]
[White "Hinks-Edwards, Thomas"]
[Black "Grant, Jonathan"]
[Result "1-0"]
[WhiteElo "2343"]
[BlackElo "2254"]
[PlyCount "81"]
[EventDate "2006.01.14"]
[EventType "team"]
[EventRounds "11"]
[EventCountry "ENG"]
[SourceDate "2005.10.25"]

1. e4 c6 2. Nf3 d5 3. Nc3 Bg4 4. h3 Bh5 5. exd5 cxd5 6. Bb5+ Nc6 7. g4 Bg6 8.
Ne5 Rc8 9. d4 e6 10. Qe2 Bb4 11. h4 Nge7 12. h5 Be4 13. f3 O-O 14. Bxc6 Nxc6
15. Nxc6 Rxc6 16. O-O Bxc3 17. bxc3 Rxc3 18. Bd2 Rxc2 19. fxe4 dxe4 20. Qe3 e5
21. d5 Qh4 22. Rf2 Rfc8 23. h6 R2c4 24. Raf1 Rd4 25. Rh2 Qe7 26. hxg7 f6 27.
Rxh7 Kxh7 28. Qh6+ Kg8 29. Rxf6 Qxg7 30. Rg6 Rc7 31. Rxg7+ Rxg7 32. Qe6+ Kh7
33. Be3 Rd3 34. Kf2 Rc7 35. Qf5+ Kg8 36. Qxe4 Rc2+ 37. Kf3 Rcc3 38. Qxe5 Kf7
39. Qe6+ Kf8 40. g5 Rc7 41. d6 1-0

[Event "4NCL/Div2/WGR3 vs. RICA"]
[Site "Birmingham ENG"]
[Date "2006.01.14"]
[Round "5.5"]
[White "Gilbert, Jessie"]
[Black "Nixon, Thomas C M"]
[Result "1/2-1/2"]
[WhiteElo "2098"]
[BlackElo "2216"]
[PlyCount "64"]
[EventDate "2006.01.14"]
[EventType "team"]
[EventRounds "11"]
[EventCountry "ENG"]
[SourceDate "2005.10.25"]

1. d4 d5 2. c4 e6 3. Nc3 Nf6 4. cxd5 exd5 5. Bg5 Be7 6. e3 c6 7. Bd3 Nbd7 8.
Qc2 O-O 9. Nf3 Re8 10. h3 Nf8 11. Bxf6 Bxf6 12. b4 g6 13. O-O Bg7 14. b5 Qf6
15. bxc6 bxc6 16. Ne5 Qd6 17. Nxc6 Qxc6 18. Bb5 Qe6 19. Bxe8 Qxe8 20. Nxd5 Qd8
21. Nf4 Bf5 22. Qa4 Bh6 23. Ne2 Qg5 24. Ng3 Bd7 25. Qa6 Qd5 26. Rfc1 Ne6 27.
Qc4 Qa5 28. Ne4 Bg7 29. Rab1 Qf5 30. Nd6 Qg5 {=} 31. Rb7 Qd8 32. Qd5 Be8
1/2-1/2

[Event "4NCL/Div2/WGR3 vs. RICA"]
[Site "Birmingham ENG"]
[Date "2006.01.14"]
[Round "5.6"]
[White "Franklin, Michael J"]
[Black "Maduekwe, Chiedu"]
[Result "0-1"]
[WhiteElo "2231"]
[BlackElo "2142"]
[PlyCount "98"]
[EventDate "2006.01.14"]
[EventType "team"]
[EventRounds "11"]
[EventCountry "ENG"]
[SourceDate "2005.10.25"]

1. d4 d5 2. Nf3 Nf6 3. e3 Bg4 4. Be2 e6 5. O-O c5 6. a3 Nc6 7. dxc5 Bxc5 8. b4
Bd6 9. Bb2 Qc7 10. Nbd2 O-O 11. h3 Bxf3 12. Nxf3 a5 13. Bxf6 gxf6 14. b5 Ne5
15. Nxe5 Bxe5 16. Rb1 f5 17. Bd3 Kh8 18. a4 b6 19. Qe2 Rac8 20. Kh1 Rg8 21. f4
Bc3 22. g4 Qe7 23. g5 Qa3 24. Qh5 Rg7 25. Qh6 Rg6 26. Qh5 Qxa4 27. Qf3 Qa3 28.
h4 Qe7 29. Qd1 Qc5 30. Rf3 Rgg8 31. Kg2 a4 32. Ra1 a3 33. Ra2 Ra8 34. Rg3 Bb2
35. Kh3 Ra4 36. h5 Kg7 37. Qg1 Rb4 38. Qe1 Bc3 39. h6+ Kh8 40. Qc1 Rb2 41. Ra1
Ra8 42. Kg2 a2 43. Kf3 Ra3 44. Rg1 d4 45. Rd1 Kg8 46. Ke2 Qd5 47. Rg1 dxe3 48.
Qxe3 Bd4 49. Qc1 Rxd3 0-1

[Event "4NCL/Div2/WGR3 vs. RICA"]
[Site "Birmingham ENG"]
[Date "2006.01.14"]
[Round "5.8"]
[White "Mitchem, Nicholas D"]
[Black "Cutmore, Martin J"]
[Result "1/2-1/2"]
[WhiteElo "2060"]
[BlackElo "2026"]
[PlyCount "49"]
[EventDate "2006.01.14"]
[EventType "team"]
[EventRounds "11"]
[EventCountry "ENG"]
[SourceDate "2005.10.25"]

1. e4 c5 2. Nf3 e6 3. d4 cxd4 4. Nxd4 a6 5. Be2 d6 6. O-O Nf6 7. Nc3 Be7 8. Kh1
Nbd7 9. f4 Qc7 10. a4 b6 11. Bf3 Bb7 12. Qe1 h5 13. f5 e5 14. Nde2 Rc8 15. Ng1
Qc4 16. Be2 Qb4 17. Bd3 Nc5 18. Bg5 Nxd3 19. cxd3 Qxb2 20. Bd2 Qc2 21. Rf3 Nd7
22. Rc1 Qb2 23. Nge2 h4 24. h3 O-O 25. Rb1 1/2-1/2

[Event "4NCL/Div2/SWD1 vs. GUI3"]
[Site "Birmingham ENG"]
[Date "2006.01.14"]
[Round "5.2"]
[White "Anderton, Matthew N"]
[Black "Jones, Richard S"]
[Result "0-1"]
[WhiteElo "2205"]
[BlackElo "2294"]
[PlyCount "74"]
[EventDate "2006.01.14"]
[EventType "team"]
[EventRounds "11"]
[EventCountry "ENG"]
[SourceDate "2005.10.25"]

1. e4 c5 2. c3 Nf6 3. e5 Nd5 4. Nf3 e6 5. Bc4 Nb6 6. Bb3 c4 7. Bc2 d6 8. d4
cxd3 9. Qxd3 Nc6 10. exd6 Qxd6 11. Qe2 Be7 12. Nbd2 f5 13. O-O O-O 14. Rd1 Qc7
15. Nc4 Nxc4 16. Qxc4 Bd6 17. Be3 Ne5 18. Nxe5 Bxe5 19. Qxc7 Bxc7 20. Bc5 Rf6
21. Ba4 a6 22. b4 h6 23. Rd3 e5 24. Be7 Rg6 25. Bd8 e4 26. Rdd1 Be5 27. Rac1 b5
28. Bb3+ Be6 29. Rd5 Bf4 30. Re1 Kh7 31. Rdd1 Bxb3 32. axb3 Rc6 33. g3 Be5 34.
Rd5 Bxc3 35. Rc1 Rac8 36. Be7 Re8 37. Bc5 Bxb4 0-1

[Event "4NCL/Div2/SWD1 vs. GUI3"]
[Site "Birmingham ENG"]
[Date "2006.01.14"]
[Round "5.3"]
[White "Dineley, Richard D P"]
[Black "Cooksey, Paul S"]
[Result "1-0"]
[WhiteElo "2264"]
[BlackElo "2253"]
[PlyCount "123"]
[EventDate "2006.01.14"]
[EventType "team"]
[EventRounds "11"]
[EventCountry "ENG"]
[SourceDate "2005.10.25"]

1. e4 e5 2. Nf3 Nc6 3. Bb5 a6 4. Ba4 Nf6 5. O-O Bc5 6. c3 b5 7. Bb3 d6 8. d4
Bb6 9. Re1 O-O 10. a4 Bg4 11. d5 Ne7 12. Nbd2 Ng6 13. h3 Bd7 14. Nf1 c6 15.
dxc6 Bxc6 16. Ng3 Re8 17. Ng5 Rf8 18. Nh5 h6 19. Qf3 bxa4 20. Ba2 Rb8 21. Qf5
d5 22. Nxf6+ Qxf6 23. Qxf6 gxf6 24. exd5 Bd7 25. Ne4 Kg7 26. Ng3 Ne7 27. Nh5+
Kg6 28. g4 Bc7 29. Bb1+ f5 30. Ng3 Nxd5 31. Nxf5 Kf6 32. Bc2 Nf4 33. Bxa4 Bxf5
34. gxf5 Rg8+ 35. Kf1 Nxh3 36. Bc2 a5 37. b3 Nf4 38. Ra4 h5 39. Rc4 Rgc8 40.
Rc6+ Kg5 41. f6 Rb7 42. Re4 Rd8 43. Rxc7 Rxc7 44. Rxe5+ Kxf6 45. Bxf4 Rxc3 46.
Rxa5 Re8 47. Rf5+ Kg7 48. Bd1 f6 49. Bxh5 Re4 50. Bf3 Rxf3 51. Bh6+ Kxh6 52.
Rxf3 Kg5 53. Re3 Rh4 54. Ke2 f5 55. Rg3+ Kf6 56. Rg1 Ke5 57. Rd1 Re4+ 58. Kd3
Kd5 59. Kc3+ Kc6 60. Rd4 Re5 61. Rc4+ Kb5 62. Kd4 1-0

[Event "4NCL/Div2/SWD1 vs. GUI3"]
[Site "Birmingham ENG"]
[Date "2006.01.14"]
[Round "5.4"]
[White "Granat, Russell G"]
[Black "Blackburn, Jonathan L B"]
[Result "0-1"]
[WhiteElo "2262"]
[BlackElo "2208"]
[PlyCount "142"]
[EventDate "2006.01.14"]
[EventType "team"]
[EventRounds "11"]
[EventCountry "ENG"]
[SourceDate "2005.10.25"]

1. e4 e6 2. d4 d5 3. Nc3 Bb4 4. e5 c5 5. Bb5+ Bd7 6. Bxd7+ Qxd7 7. a3 Ba5 8. b4
cxd4 9. Nce2 Bc7 10. f4 a5 11. Bd2 Nc6 12. b5 Na7 13. a4 Nc8 14. Nf3 Nb6 15.
Nexd4 Ne7 16. O-O Nc4 17. Kh1 Bb6 18. Qe2 g6 19. Be1 Nf5 20. Nxf5 gxf5 21. Bf2
Bxf2 22. Qxf2 Qc7 23. Rfb1 Qb6 24. Qh4 h6 25. Rb3 Qd8 26. Qe1 Rg8 27. Nd2 Rc8
28. Rh3 Qc7 29. Rc3 Rg4 30. Nxc4 dxc4 31. Qf1 Qc5 32. h3 Rg8 33. Qf3 Rc7 34.
Rd1 Ke7 35. Qh5 Qf2 36. g3 Ke8 37. Qf3 Qxf3+ 38. Rxf3 Ke7 39. Kg2 h5 40. Kf2 c3
41. Rfd3 Rb8 42. b6 Rc6 43. Rd7+ Ke8 44. R7d6 Rxd6 45. Rxd6 Rc8 46. Ke3 Rc4 47.
Rd4 Rc6 48. Kd3 Rxb6 49. Kxc3 Rb1 50. Kd2 Rg1 51. Rd3 Ra1 52. Rb3 Rxa4 53. Rxb7
h4 54. gxh4 Rxf4 55. Ra7 a4 56. h5 Rh4 57. h6 Rxh6 58. Rxa4 Rxh3 59. c4 Rh4 60.
Ra8+ Kd7 61. Kd3 Re4 62. Ra5 Kc6 63. Ra6+ Kc7 64. Ra7+ Kb6 65. Rxf7 Rxe5 66.
Kc3 Re3+ 67. Kb4 Re4 68. Rd7 Kc6 69. Ra7 f4 70. Ra6+ Kb7 71. Kb5 Re5+ 0-1

[Event "4NCL/Div2/SWD1 vs. GUI3"]
[Site "Birmingham ENG"]
[Date "2006.01.14"]
[Round "5.5"]
[White "James, David J"]
[Black "Richardson, Keith B"]
[Result "0-1"]
[WhiteElo "2222"]
[BlackElo "2236"]
[PlyCount "38"]
[EventDate "2006.01.14"]
[EventType "team"]
[EventRounds "11"]
[EventCountry "ENG"]
[SourceDate "2005.10.25"]

1. d4 Nf6 2. c4 g6 3. Nc3 Bg7 4. e4 d6 5. f3 O-O 6. Be3 Nbd7 7. Qd2 c5 8. d5
Ne5 9. g4 e6 10. h3 exd5 11. cxd5 Re8 12. Be2 a6 13. f4 Ned7 14. Bf3 b5 15. g5
b4 16. gxf6 bxc3 17. bxc3 Nxf6 18. Qd3 Nxe4 19. Bxe4 Rxe4 0-1

[Event "4NCL/Div2/SWD1 vs. GUI3"]
[Site "Birmingham ENG"]
[Date "2006.01.14"]
[Round "5.6"]
[White "Frostick, Clive A"]
[Black "Zeidler, Sven P"]
[Result "0-1"]
[WhiteElo "2178"]
[BlackElo "2203"]
[PlyCount "66"]
[EventDate "2006.01.14"]
[EventType "team"]
[EventRounds "11"]
[EventCountry "ENG"]
[SourceDate "2005.10.25"]

1. e4 d5 2. exd5 Qxd5 3. Nf3 Bg4 4. Be2 Nc6 5. d4 O-O-O 6. c4 Qh5 7. Be3 Nf6 8.
Nbd2 e5 9. d5 Nd4 10. Nxd4 exd4 11. Bxd4 Re8 12. f3 Bf5 13. O-O Bd6 14. g3 Qg6
15. Rf2 h5 16. Kh1 h4 17. g4 Bd3 18. Bxd3 Qxd3 19. Bxf6 Bg3 20. Rg2 Re1+ 21.
Qxe1 Bxe1 22. Rxe1 gxf6 23. b3 h3 24. Rge2 f5 25. gxf5 Rg8 26. f6 b6 27. b4 Rg2
28. Re8+ Kb7 29. Ne4 Qxf3 30. Nd6+ cxd6 31. R8e7+ Ka6 32. b5+ Ka5 33. R7e3 Rg1+
0-1

[Event "4NCL/Div2/SWD1 vs. GUI3"]
[Site "Birmingham ENG"]
[Date "2006.01.14"]
[Round "5.7"]
[White "Morris, Charles F"]
[Black "Allinson, Julian"]
[Result "1-0"]
[WhiteElo "2203"]
[BlackElo "2121"]
[PlyCount "73"]
[EventDate "2006.01.14"]
[EventType "team"]
[EventRounds "11"]
[EventCountry "ENG"]
[SourceDate "2005.10.25"]

1. c4 c6 2. Nc3 Nf6 3. Nf3 d6 4. d4 Bg4 5. e3 Nbd7 6. Bd3 e5 7. h3 Bh5 8. O-O
Be7 9. b3 O-O 10. Bb2 Re8 11. g4 Bg6 12. Bxg6 hxg6 13. Qc2 Bf8 14. dxe5 Nxe5
15. Nh2 Qb6 16. Rad1 Ned7 17. Na4 Qa5 18. h4 Ne5 19. Qe2 b5 20. cxb5 Qxb5 21.
Qxb5 cxb5 22. Nc3 Nfxg4 23. Nxg4 Nxg4 24. Nxb5 Rac8 25. Rc1 Ne5 26. Bxe5 dxe5
27. Nxa7 Ra8 28. Rc7 Re7 29. Rxe7 Bxe7 30. Nc6 Bxh4 {=} 31. a4 e4 32. a5 Kf8
33. b4 Bf6 34. b5 Ke8 35. Rd1 g5 36. a6 Bd8 37. Rxd8+ 1-0

[Event "4NCL/Div2/SWD1 vs. GUI3"]
[Site "Birmingham ENG"]
[Date "2006.01.14"]
[Round "5.8"]
[White "Morris, Claire H"]
[Black "Smith, Olivia"]
[Result "0-1"]
[WhiteElo "1920"]
[BlackElo "1986"]
[PlyCount "70"]
[EventDate "2006.01.14"]
[EventType "team"]
[EventRounds "11"]
[EventCountry "ENG"]
[SourceDate "2005.10.25"]

1. e4 e5 2. Nf3 Nf6 3. Nc3 Nc6 4. Bc4 Bc5 5. d3 h6 6. Be3 Bb6 7. Qd2 d6 8.
O-O-O Na5 9. Qe2 c5 10. Nh4 Bc7 11. f4 exf4 12. Bxf4 O-O 13. Nf3 Re8 14. Bd5
Nxd5 15. Nxd5 Be6 16. Qd2 Bxd5 17. exd5 Qf6 18. Rhf1 b5 19. g4 Qe7 20. Rde1 Qd7
21. g5 h5 22. Nh4 g6 23. Qf2 Rxe1+ 24. Rxe1 Re8 25. Rf1 Nb7 26. Nf3 Qf5 27. Nd2
Bd8 28. h4 Qxd5 29. Kb1 Qe6 30. Ne4 c4 31. Nxd6 Nxd6 32. Bxd6 Bb6 33. Qg3 cxd3
34. cxd3 Bd4 35. Bf4 Qe2 {time} 0-1

[Event "4NCL/Div2/CAMB1 vs. BRI1"]
[Site "Birmingham ENG"]
[Date "2006.01.14"]
[Round "5.1"]
[White "Mah, Karl C C"]
[Black "Cobb, Charles"]
[Result "1/2-1/2"]
[WhiteElo "2425"]
[BlackElo "2404"]
[PlyCount "54"]
[EventDate "2006.01.14"]
[EventType "team"]
[EventRounds "11"]
[EventCountry "ENG"]
[SourceDate "2005.10.25"]

1. Nf3 d5 2. d4 Nf6 3. c4 e6 4. Nc3 Nbd7 5. cxd5 exd5 6. Bg5 c6 7. e3 Be7 8.
Bd3 O-O 9. Qc2 Re8 10. O-O Nf8 11. h3 Ng6 12. Ne5 Nxe5 13. dxe5 Nd7 14. Bxe7
Qxe7 15. Bxh7+ Kh8 16. f4 g6 17. Bxg6 fxg6 18. Qxg6 Nf8 19. Qh5+ Nh7 20. Rad1
Be6 21. e4 Qc5+ 22. Kh1 d4 23. Ne2 Bc4 24. b3 Ba6 25. Rc1 Qe7 26. Rfd1 d3 27.
Nd4 Qb4 1/2-1/2

[Event "4NCL/Div2/CAMB1 vs. BRI1"]
[Site "Birmingham ENG"]
[Date "2006.01.14"]
[Round "5.2"]
[White "Sherwin, James T"]
[Black "Moskovic, David M"]
[Result "1-0"]
[WhiteElo "2274"]
[BlackElo "2284"]
[PlyCount "71"]
[EventDate "2006.01.14"]
[EventType "team"]
[EventRounds "11"]
[EventCountry "ENG"]
[SourceDate "2005.10.25"]

1. Nf3 Nf6 2. c4 c6 3. d4 d5 4. e3 a6 5. Nbd2 Bg4 6. Be2 e6 7. O-O Nbd7 8. b3
Bb4 9. Bb2 O-O 10. a3 Bxd2 11. Nxd2 Bxe2 12. Qxe2 Re8 13. e4 dxe4 14. Nxe4 Nxe4
15. Qxe4 Nf6 16. Qf3 Qd6 17. Rfe1 b5 18. Rad1 bxc4 19. bxc4 Rab8 20. Bc1 Rb1
21. Bf4 Rxd1 22. Rxd1 Qe7 23. Qxc6 Qxa3 24. Be5 Rd8 25. h3 a5 26. d5 Qb3 27.
Re1 exd5 28. Bxf6 gxf6 29. Qxf6 Qb8 30. Re5 dxc4 31. Rg5+ Kf8 32. Qg7+ Ke7 33.
Re5+ Kd7 34. Qxf7+ Kc6 35. Qxc4+ Kd7 36. Qe6+ 1-0

[Event "4NCL/Div2/CAMB1 vs. BRI1"]
[Site "Birmingham ENG"]
[Date "2006.01.14"]
[Round "5.3"]
[White "Garner, David"]
[Black "Beaumont, Chris"]
[Result "1/2-1/2"]
[WhiteElo "2191"]
[BlackElo "2329"]
[PlyCount "57"]
[EventDate "2006.01.14"]
[EventType "team"]
[EventRounds "11"]
[EventCountry "ENG"]
[SourceDate "2005.10.25"]

1. e4 d6 2. d4 Nf6 3. Nc3 g6 4. Nf3 Bg7 5. Be2 O-O 6. O-O Bg4 7. Be3 Nc6 8. Qd2
e5 9. dxe5 dxe5 10. Rad1 Qc8 11. h3 Rd8 12. Qc1 Bxf3 13. Bxf3 Nd4 14. Bxd4 exd4
15. Nd5 Nxd5 16. exd5 c6 17. dxc6 bxc6 18. Rfe1 Qa6 19. Re7 Re8 20. Rde1 Rxe7
21. Rxe7 Bf6 22. Rc7 Rc8 23. Rxc8+ Qxc8 24. b3 {=} Qe6 25. Qd2 c5 26. Qe2 Be5
27. Qe4 Kg7 28. h4 h5 29. g3 1/2-1/2

[Event "4NCL/Div2/CAMB1 vs. BRI1"]
[Site "Birmingham ENG"]
[Date "2006.01.14"]
[Round "5.4"]
[White "Buckley, David E"]
[Black "Churm, Rohan M"]
[Result "1/2-1/2"]
[WhiteElo "2246"]
[BlackElo "2166"]
[PlyCount "60"]
[EventDate "2006.01.14"]
[EventType "team"]
[EventRounds "11"]
[EventCountry "ENG"]
[SourceDate "2005.10.25"]

1. d4 d5 2. c4 c6 3. Nf3 e6 4. Qc2 Nf6 5. g3 Nbd7 6. Bf4 c5 7. dxc5 Bxc5 8.
cxd5 Qb6 9. e3 Nxd5 10. Nc3 Nxc3 11. bxc3 Qc6 12. e4 b6 13. Bd3 Bb7 14. Nd4 Qc8
15. Nb3 Be7 16. O-O O-O 17. Rfe1 e5 18. Bd2 Ba3 19. Rad1 Qc6 20. Rb1 Rac8 21.
Qd1 Rfd8 22. Qe2 Nc5 23. Nxc5 Bxc5 24. Bg5 f6 25. Bd2 Kh8 26. Rbd1 Qa4 27. Bc1
Qa5 28. Bb2 Rd6 29. Bb1 Ba6 30. Qg4 Qb5 1/2-1/2

[Event "4NCL/Div2/CAMB1 vs. BRI1"]
[Site "Birmingham ENG"]
[Date "2006.01.14"]
[Round "5.5"]
[White "Regan, Natasha"]
[Black "Curtis, John"]
[Result "0-1"]
[WhiteElo "2208"]
[BlackElo "2126"]
[PlyCount "52"]
[EventDate "2006.01.14"]
[EventType "team"]
[EventRounds "11"]
[EventCountry "ENG"]
[SourceDate "2005.10.25"]

1. e4 d6 2. d4 Nf6 3. Nc3 e5 4. Nf3 Nbd7 5. Bc4 Be7 6. Bxf7+ Kxf7 7. Ng5+ Kg8
8. Ne6 Qe8 9. Nxc7 Qg6 10. Nxa8 Qxg2 11. Rf1 exd4 12. Ne2 Ne5 13. Nxd4 Bg4 14.
f3 Nxe4 15. Qe2 Bh4+ 16. Kd1 Nf2+ 17. Kd2 Bh3 18. Re1 Ne4+ 19. fxe4 Bxe1+ 20.
Kxe1 Qg1+ 21. Kd2 Qxd4+ 22. Ke1 Qg1+ 23. Kd2 Bg4 24. Qb5 Qd4+ 25. Ke1 Nf3+ 26.
Kf1 Qg1+ 0-1

[Event "4NCL/Div2/CAMB1 vs. BRI1"]
[Site "Birmingham ENG"]
[Date "2006.01.14"]
[Round "5.6"]
[White "James, Ann-Marie"]
[Black "Valden, Petros"]
[Result "0-1"]
[WhiteElo "2082"]
[BlackElo "2146"]
[PlyCount "80"]
[EventDate "2006.01.14"]
[EventType "team"]
[EventRounds "11"]
[EventCountry "ENG"]
[SourceDate "2005.10.25"]

1. e4 c5 2. c3 g6 3. d4 cxd4 4. cxd4 d5 5. e5 Bg7 6. Nc3 Nc6 7. Nge2 f6 8. f4
fxe5 9. fxe5 Nh6 10. Nf4 O-O 11. Bb5 Nf5 12. Nfe2 Nh4 13. Rg1 Bg4 14. Qa4 Bxe2
15. Bxc6 Bf3 16. Bxb7 Nxg2+ 17. Kd2 Rb8 18. Ba6 e6 19. Kc2 Qh4 20. Bd2 Rb6 21.
Raf1 Qxh2 22. Kb1 Nh4 23. Bc1 Bh6 24. b3 Bxc1 25. Kxc1 Nf5 26. Kb1 Ng3 27. Rc1
Ne4 28. Nxe4 Bxe4+ 29. Ka1 Qd2 30. Rgd1 Qb4 31. Qd7 Rf7 32. Rc8+ Kg7 33. Qe8
Qf8 34. Qa4 Qb4 35. Qe8 Qf8 36. Qa4 Qe7 37. Rdc1 Rb4 38. Qc6 Rxd4 39. Qa8 Rd2
40. Bb5 Qa3 0-1

[Event "4NCL/Div2/CAMB1 vs. BRI1"]
[Site "Birmingham ENG"]
[Date "2006.01.14"]
[Round "5.7"]
[White "Pickard, Charles"]
[Black "Dilleigh, Stephen P"]
[Result "1/2-1/2"]
[WhiteElo "2125"]
[BlackElo "2149"]
[PlyCount "51"]
[EventDate "2006.01.14"]
[EventType "team"]
[EventRounds "11"]
[EventCountry "ENG"]
[SourceDate "2005.10.25"]

1. Nf3 d5 2. c4 c6 3. cxd5 cxd5 4. d4 Nf6 5. Nc3 Nc6 6. Bf4 a6 7. e3 Bg4 8. Rc1
e6 9. Be2 Bd6 10. Bxd6 Qxd6 11. O-O O-O 12. Na4 Rac8 13. Nc5 Rc7 14. Qa4 Rfc8
15. h3 Bxf3 16. gxf3 Ne7 17. Rc3 b6 {=} 18. Qxa6 Nf5 19. Nb7 Qe7 20. Rfc1 g6
21. Qxb6 Rxc3 22. Rxc3 Rxc3 23. bxc3 Qa3 24. Qb1 Qxc3 25. a4 Nxe3 26. a5
1/2-1/2

[Event "4NCL/Div2/CAMB1 vs. BRI1"]
[Site "Birmingham ENG"]
[Date "2006.01.14"]
[Round "5.8"]
[White "Easton, Alex"]
[Black "Low, Ying Min"]
[Result "1-0"]
[WhiteElo "2100"]
[BlackElo "2010"]
[PlyCount "59"]
[EventDate "2006.01.14"]
[EventType "team"]
[EventRounds "11"]
[EventCountry "ENG"]
[SourceDate "2005.10.25"]

1. Nf3 c5 2. c4 Nf6 3. Nc3 d5 4. cxd5 Nxd5 5. e4 Nb4 6. Bc4 Nd3+ 7. Ke2 Nf4+ 8.
Kf1 Ne6 9. b4 cxb4 10. Ne2 Nc7 11. d4 e6 12. Bb2 Bd6 13. h4 Nd7 14. h5 h6 15.
Rc1 b5 16. Bd3 Ba6 17. Rh4 Rc8 18. Rg4 O-O 19. Bb1 Re8 20. Qd3 Nf8 21. Qe3 Kh8
22. d5 e5 23. Qxa7 Ra8 24. Qe3 Rc8 25. Ng3 Nd7 26. Rxg7 Kxg7 27. Nf5+ Kg8 28.
Nxd6 Qf6 29. Nxc8 Rxc8 30. Rc6 1-0

[Event "4NCL/Div2/NWE2 vs. WWKS1"]
[Site "Birmingham ENG"]
[Date "2006.01.14"]
[Round "5.1"]
[White "Lund, D Brett"]
[Black "Thomas, Nicholas"]
[Result "0-1"]
[WhiteElo "2247"]
[BlackElo "2252"]
[PlyCount "66"]
[EventDate "2006.01.14"]
[EventType "team"]
[EventRounds "11"]
[EventCountry "ENG"]
[SourceDate "2005.10.25"]

1. g3 e5 2. c4 Nc6 3. Bg2 g6 4. Nc3 Bg7 5. e4 d6 6. Nge2 f5 7. d3 Nh6 8. h4 Nf7
9. h5 g5 10. exf5 Bxf5 11. Nd5 O-O 12. Nec3 h6 13. b3 Nd4 14. Ne3 Bc8 15. Bb2
c6 16. O-O Qe7 17. b4 Nd8 18. b5 N8e6 19. bxc6 bxc6 20. Ne4 Rb8 21. Ba3 Rd8 22.
Qa4 Nf4 23. gxf4 gxf4 24. Rfb1 Rxb1+ 25. Rxb1 fxe3 26. fxe3 Ne2+ 27. Kf2 Bg4
28. Rh1 Qf7+ 29. Ke1 d5 30. cxd5 cxd5 31. Nd6 Qe6 32. Qc6 e4 33. Rh4 Bc3+ 0-1

[Event "4NCL/Div2/NWE2 vs. WWKS1"]
[Site "Birmingham ENG"]
[Date "2006.01.14"]
[Round "5.2"]
[White "James, Russell A"]
[Black "Hughes, Howard R"]
[Result "1/2-1/2"]
[WhiteElo "2230"]
[BlackElo "2214"]
[PlyCount "61"]
[EventDate "2006.01.14"]
[EventType "team"]
[EventRounds "11"]
[EventCountry "ENG"]
[SourceDate "2005.10.25"]

1. d4 e6 2. Nf3 f5 3. e4 fxe4 4. Ng5 Nf6 5. f3 exf3 6. Qxf3 Qe7 7. Bd3 g6 8.
O-O Bg7 9. Nc3 Nc6 10. Be3 d6 11. Rae1 Bd7 12. Qd1 O-O 13. Bc4 Kh8 14. Bc1 e5
15. dxe5 dxe5 16. Kh1 h6 17. Nf3 Bg4 18. Nh4 {=} Kh7 19. Qd3 e4 20. Qg3 Ne5 21.
Nd5 Qd6 22. Nxf6+ Bxf6 23. Bf4 Bf5 24. Nxf5 gxf5 25. Qh3 Bg7 26. Rd1 Qe7 27.
Bb3 Ng4 28. Qg3 Rad8 29. Rxd8 Rxd8 30. h3 Ne5 31. Qf2 1/2-1/2

[Event "4NCL/Div2/NWE2 vs. WWKS1"]
[Site "Birmingham ENG"]
[Date "2006.01.14"]
[Round "5.3"]
[White "Hulmes, David I"]
[Black "Dighton, Simon"]
[Result "1-0"]
[WhiteElo "2206"]
[BlackElo "2245"]
[PlyCount "69"]
[EventDate "2006.01.14"]
[EventType "team"]
[EventRounds "11"]
[EventCountry "ENG"]
[SourceDate "2005.10.25"]

1. e4 e6 2. d4 d5 3. Nd2 Nf6 4. e5 Nfd7 5. Bd3 c5 6. c3 Nc6 7. Ne2 cxd4 8. cxd4
f6 9. exf6 Qxf6 10. Nf3 Bd6 11. O-O O-O 12. Bg5 Qf7 13. Bh4 h6 14. Bg3 Bxg3 15.
Nxg3 g5 16. Bc2 Qg7 17. h3 Nf6 18. Ne5 Nxe5 19. dxe5 Nd7 20. Nh5 Qxe5 21. Re1
Qd6 22. Qd3 Rf5 23. g4 Nc5 24. Qe2 Rf7 25. b4 Nd7 26. Qxe6 Qxe6 27. Rxe6 Nf8
28. Rxh6 b6 29. Re1 Bb7 30. Re5 Nd7 31. Rxg5+ Kf8 32. Bg6 Rf3 33. Bf5 d4 34.
Rg7 Ke8 35. Rh8+ 1-0

[Event "4NCL/Div2/NWE2 vs. WWKS1"]
[Site "Birmingham ENG"]
[Date "2006.01.14"]
[Round "5.4"]
[White "Mason, Don"]
[Black "Coates, Kenneth G"]
[Result "1/2-1/2"]
[WhiteElo "2277"]
[BlackElo "2197"]
[PlyCount "55"]
[EventDate "2006.01.14"]
[EventType "team"]
[EventRounds "11"]
[EventCountry "ENG"]
[SourceDate "2005.10.25"]

1. e4 c5 2. Nc3 Nc6 3. g3 g6 4. Bg2 Bg7 5. d3 d6 6. f4 e6 7. Nf3 Nge7 8. O-O
Rb8 9. Be3 b5 10. e5 Nd5 11. Nxd5 exd5 12. Ng5 Ne7 13. exd6 Qxd6 14. d4 cxd4
15. Bxd4 Bxd4+ 16. Qxd4 Qb6 17. Rad1 h6 18. Nf3 O-O 19. Qxb6 Rxb6 20. Rfe1 Nf5
21. Rxd5 Be6 22. Rd2 b4 23. Nd4 Nxd4 24. Rxd4 Rc8 25. Be4 Rc5 26. Bd3 Ra5 27.
Ra1 b3 28. cxb3 1/2-1/2

[Event "4NCL/Div2/NWE2 vs. WWKS1"]
[Site "Birmingham ENG"]
[Date "2006.01.14"]
[Round "5.5"]
[White "Hanley, James"]
[Black "Hynes, Anthony"]
[Result "1-0"]
[WhiteElo "2108"]
[BlackElo "2283"]
[PlyCount "57"]
[EventDate "2006.01.14"]
[EventType "team"]
[EventRounds "11"]
[EventCountry "ENG"]
[SourceDate "2005.10.25"]

1. e4 e5 2. Nf3 Nc6 3. Bb5 f5 4. Nc3 fxe4 5. Nxe4 d5 6. Nxe5 dxe4 7. Nxc6 Qg5
8. Qe2 Nf6 9. f4 Qh4+ 10. g3 Qh3 11. Ne5+ c6 12. Bc4 Bc5 13. d3 Ng4 14. Qxe4
Nf2 15. Bf7+ Kd8 16. Qc4 Bb6 17. Rf1 Qxh2 18. Qb4 Kc7 19. Be3 Bh3 20. Qe7+ Kb8
21. Bc5 Bxc5 22. Qxc5 Nh1 23. Qd6+ Kc8 24. Be6+ Bxe6 25. Qxe6+ Kc7 26. Qe7+ Kb8
27. O-O-O Nxg3 28. Nd7+ Kc8 29. Nc5 1-0

[Event "4NCL/Div2/NWE2 vs. WWKS1"]
[Site "Birmingham ENG"]
[Date "2006.01.14"]
[Round "5.6"]
[White "Shephard, Chris C W"]
[Black "Peacock, Malcolm R"]
[Result "1-0"]
[WhiteElo "2195"]
[BlackElo "2060"]
[PlyCount "113"]
[EventDate "2006.01.14"]
[EventType "team"]
[EventRounds "11"]
[EventCountry "ENG"]
[SourceDate "2005.10.25"]

1. c4 e5 2. Nc3 d6 3. Nf3 g6 4. d4 Nd7 5. e4 Bg7 6. Be2 Ngf6 7. O-O O-O 8. Re1
Re8 9. Bf1 exd4 10. Nxd4 Nc5 11. f3 Ne6 12. Nc2 Bd7 13. Be3 Nh5 14. Qd2 Qe7 15.
Rad1 f5 16. exf5 gxf5 17. Bh6 Qf6 18. Bxg7 Qxg7 19. Nd4 Nxd4 20. Rxe8+ Rxe8 21.
Qxd4 Qxd4+ 22. Rxd4 Ng7 23. c5 Ne6 24. Bc4 Kf8 25. Bxe6 Rxe6 26. cxd6 Rxd6 27.
Rxd6 cxd6 28. Kf2 Kf7 29. Ke3 Ke6 30. Kf4 Bc6 31. Ne2 Kf6 32. Nd4 Bd7 33. b4
Kg6 34. h4 Kf6 35. a3 h6 36. b5 a6 37. b6 Kg6 38. g3 Kf6 39. Ne2 Ke6 40. Nd4+
Kf6 41. g4 fxg4 42. fxg4 Bc8 43. g5+ hxg5+ 44. hxg5+ Kg6 45. Ke4 Kxg5 46. Kd5
Kf4 47. Kxd6 Bh3 48. Kc7 Bg2 49. Nb3 Ke3 50. Na5 Kd4 51. Nxb7 Kc4 52. a4 Kb4
53. a5 Kb5 54. Nd8 Kc5 55. b7 Bxb7 56. Nxb7+ Kb5 57. Kd6 1-0

[Event "4NCL/Div2/NWE2 vs. WWKS1"]
[Site "Birmingham ENG"]
[Date "2006.01.14"]
[Round "5.7"]
[White "Ruston, Mark"]
[Black "Pitcher, John"]
[Result "0-1"]
[WhiteElo "2108"]
[BlackElo "2183"]
[PlyCount "61"]
[EventDate "2006.01.14"]
[EventType "team"]
[EventRounds "11"]
[EventCountry "ENG"]
[SourceDate "2005.10.25"]

1. e4 c5 2. Nc3 Nc6 3. g3 g6 4. Bg2 Bg7 5. d3 d6 6. Be3 Nh6 7. Qc1 Ng4 8. Bd2
Bd7 9. h3 Nf6 10. f4 Rb8 11. Nf3 b5 12. O-O O-O 13. g4 c4 14. e5 Ne8 15. d4 b4
16. Ne2 Nc7 17. Ng5 dxe5 18. dxe5 f6 19. exf6 exf6 20. Ne4 f5 21. gxf5 Bxf5 22.
N2g3 Kh8 23. Kh2 Nd5 24. c3 bxc3 25. Nxc3 Ndb4 26. Nce4 Be6 27. Bc3 Nd4 28. Rd1
Nd3 29. Qe3 Nc2 30. Bxg7+ Kxg7 31. Qc1 0-1